000 00223nam a2200097Ia 4500
008 170627s9999 xx 000 0 und d
100 _aO BRIEN JAMES A
245 0 _aMANAGEMENT INFOMATION SYSTEM
260 _bT.M.H
260 _c2008
546 _aENGLISH
999 _c35689
_d35689